New Orleans Saints: Most Passing TDs Each Year - Statistics

General Stats
  • This quiz has been taken 1,104 times
    144 since last reset
  • The average score is 34 of 58
Answer Stats
Year Player TDs % Correct
2006 Drew Brees 26
100%
2007 Drew Brees 28
100%
2008 Drew Brees 34
100%
2009 Drew Brees 34
100%
2010 Drew Brees 33
100%
2011 Drew Brees 46
100%
2012 Drew Brees 43
100%
2013 Drew Brees 39
100%
2014 Drew Brees 33
100%
2015 Drew Brees 32
100%
2016 Drew Brees 37
100%
2017 Drew Brees 23
100%
2018 Drew Brees 32
100%
2019 Drew Brees 27
100%
2020 Drew Brees 24
100%
2023 Derek Carr 25
93%
2024 Derek Carr 15
93%
1972 Archie Manning 18
83%
1973 Archie Manning 10
83%
1974 Archie Manning 6
83%
1975 Archie Manning 7
83%
1977 Archie Manning 8
83%
1978 Archie Manning 17
83%
1979 Archie Manning 15
83%
1980 Archie Manning 23
83%
1981 Archie Manning 5
83%
1971 Edd Hargett / Archie Manning 6
83%
2021 Jameis Winston 14
71%
2001 Aaron Brooks 26
54%
2002 Aaron Brooks 27
54%
2003 Aaron Brooks 24
54%
2004 Aaron Brooks 21
54%
2005 Aaron Brooks 13
54%
2022 Andy Dalton 18
50%
1987 Bobby Hebert 15
33%
1988 Bobby Hebert 20
33%
1989 Bobby Hebert 15
33%
1992 Bobby Hebert 19
33%
1982 Ken Stabler 6
30%
1983 Ken Stabler 9
30%
1994 Jim Everett 22
26%
1995 Jim Everett 26
26%
1996 Jim Everett 12
26%
1998 Billy Joe Tolliver 8
19%
1999 Billy Joe Tolliver 7
19%
1968 Billy Kilmer 15
19%
1969 Billy Kilmer 20
19%
1970 Billy Kilmer 6
19%
1985 Dave Wilson 11
16%
1986 Dave Wilson 10
16%
1993 Wade Wilson 12
16%
2000 Jeff Blake 13
12%
1997 Billy Joe Hobert 6
9%
1990 Steve Walsh 12
9%
1991 Steve Walsh 11
9%
1967 Gary Cuozzo 7
7%
1984 Richard Todd 11
7%
1976 Bobby Douglass / Bobby Scott 4
5%
No matching quizzes found
Score Distribution
Percent of People with Each Score
Percentile by Number Answered
Your Score History
You have not taken this quiz since the last reset